CNBC business
Na minha lista:
| Formato: | Periódico |
|---|---|
| Idioma: | inglês |
| Publicado em: |
London
CNBC European Business
2011
|
| Assuntos: | |
| Tags: |
Sem tags, seja o primeiro a adicionar uma tag!
|
MARC
| LEADER | 00000nas2a2200000 4500 | ||
|---|---|---|---|
| 001 | 0211949 | ||
| 005 | 20160203131523.8 | ||
| 022 | |a 1743-6664 | ||
| 041 | 0 | |a eng | |
| 044 | |a GB | ||
| 245 | 1 | 0 | |a CNBC business |
| 264 | 1 | |a London |b CNBC European Business |c 2011 | |
| 773 | 0 | |w eu_un_cat*0103005 | |
| 610 | 2 | 0 | |a podnikanie |
| 610 | 2 | 0 | |a Európa |
| 610 | 2 | 0 | |a Afrika |
| 610 | 2 | 0 | |a manažment |
| 610 | 2 | 0 | |a financie |
| 610 | 2 | 0 | |a obchod |